Statistiques concernant Instruments dans un Orchestre Symphonique

Cliquez ici pour prendre le quiz!

Statistiques générales

  • Ce quiz a été pris 4 654 fois
    (4 636 depuis la dernière actualisation)
  • Le résultat moyen est 17 sur 28

Réponses sur la Carte

Les réponses sont colorées sur une échelle allant du rouge au vert en fonction du pourcentage des utilisateurs qui les ont devinées à leur premier essai. Vous pouvez retrouver ces pourcentages ci-dessous.
Chargement ...
 

Statistiques - réponses

Instrument% Correct
Violon
100%
Harpe
98%
Trompette
97%
Flûte
97%
Violoncelle
95%
Triangle
95%
Saxophone
95%
Xylophone
91%
Contrebasse
83%
Cor d'harmonie
80%
Clarinette
79%
Trombone
79%
Tuba
73%
Tambourin
67%
Alto
65%
Grosse caisse
63%
Hautbois
63%
Cymbale
56%
Caisse claire
48%
Basson
42%
Timbales
41%
Castagnettes
33%
Piccolo
30%
Glockenspiel
16%
Cloches tubulaires
16%
Clarinette basse
14%
Cor anglais
13%
Contrebasson
12%

Distribution des résultats

Percentile par nombre de réponses

% des personnes avec chaque résultat

Votre développement - résultats

Vous n’avez pas pris ce quiz depuis la dernière actualisation